| 000 | 01022nam0a22002891 4500 | ||
|---|---|---|---|
| 001 | RU\NLR\INFOCOMM_195\5000056231 | ||
| 005 | 20250613093758.0 | ||
| 035 | _a(NLR Aleph) 009220908 | ||
| 090 |
_a8806543 _c8806543 |
||
| 100 | _a20100531d1987 |||y0rusy50 ca | ||
| 101 | 0 | _aeng | |
| 102 | _aRU | ||
| 105 | _ay ||||000|y | ||
| 200 | 1 |
_aCo-operation in the field of invention within CMEA _fUSSR State comm. for inventions a. discoveries _g[Auth.: V. I. Iliin] |
|
| 210 |
_aΜ. _cVNIIPI _d1987 |
||
| 215 |
_a14 с. _d22 см |
||
| 300 | _aАвт.-сост. указан на обороте тит. л. | ||
| 606 |
_aИзобретательное право _xМеждународно-правовые вопросы _2nlr_sh1 |
||
| 686 |
_aХ933.4 _2rubbk |
||
| 701 | 1 |
_9z01790 _aIl'in _bV. I. _4070 |
|
| 712 | 0 | 1 |
_aUSSR _bCommittee for inventions and discoveries _4570 |
| 790 | 1 |
_9z01701 _aIliin _bV. I. _4070 |
|
| 801 | 1 |
_aRU _bNLR _c20100531 |
|
| 801 | 0 |
_aRU _bNLR _gPSBO |
|
| 852 |
_aNLR _jП41 Д-6/11 |
||
| 942 | _cBOOK | ||
| 980 | _aNB | ||